00394nam a22001457a 4500010001400000020002600014035001700040037001700057082000600074100001700080245003900097260003000136270006100166300002100227 a1718CH-EN a9781846883927c299.00 aB-672925-940 aDPLbPragati aS aMurray, E.R. aCaramel Hearts / cby E.R. Murray  aLondonbAlma Books c2016 a3 Castle Yard, Richmond, Surrey TW10 6TFbUnited Kingdom a339p.c19cm(pbk)